The good, the bad, and the famous /

Bibliographic Details
Main Author: Sherman, Len, 1956-
Format: Book
Language:English
Published: New York, NY : Carol Pub. Group, [1990]
Subjects:

MARC

Tag First Indicator Second Indicator Subfields
LEADER 00000cam a2200000 a 4500
001 in00001173449
005 20151001081748.0
008 900313s1990 nyucf 001 0 eng
010 |a  90001727  
020 |a 0818405260 :  |c $18.95 
035 |a (OCoLC)21333922 
035 |9 AGF3810AM 
040 |a DLC  |c DLC  |d TXA  |d UtOrBLW 
043 |a n-us--- 
049 |a TXAM 
050 0 0 |a E839.5  |b .S534 1990 
082 0 0 |a 973.92  |2 20 
100 1 |a Sherman, Len,  |d 1956- 
245 1 4 |a The good, the bad, and the famous /  |c Len Sherman. 
264 1 |a New York, NY :  |b Carol Pub. Group,  |c [1990] 
264 4 |c ©1990 
300 |a x, 244 pages, 8 unnumbered pages of plates :  |b portraits ;  |c 24 cm. 
336 |a text  |b txt  |2 rdacontent 
337 |a unmediated  |b n  |2 rdamedia 
338 |a volume  |b nc  |2 rdacarrier 
500 |a "A Lyle Stuart book." 
500 |a Includes index. 
650 0 |a Celebrities  |z United States  |x Political activity. 
651 0 |a United States  |x Politics and government  |y 1945-1989. 
999 |a MARS 
999 f f |s 4cbeae72-220b-3134-856e-be686ddec7ec  |i e5d20e2d-8fac-3505-9355-152cccad05ef  |t 0 
952 f f |p ric  |a Texas A&M University  |b Rellis Campus  |c Joint Library Facility  |d Remote Storage  |t 0  |e E839.5 .S534 1990  |h Library of Congress classification  |i unmediated -- volume  |m A14820776903 
998 f f |a E839.5 .S534 1990  |t 0  |l Remote Storage